000 00262nam a2200097Ia 4500
005 20251222154424.0
008 251222s9999||||xx |||||||||||||| ||spa||
082 _aREF.985.008/C76/T.XIII/V.I
245 0 _aObra de gobierno y epistolario de San Martín
942 _cLIB
999 _c36135
_d36135